000 00334nam a22001217a 4500
003 SGT
082 _a891.4309
_bM07G
100 _aगोयल, रामप्रकाश
245 _aमुस्कुराते गम
260 _bविवेक गोयल प्रकाशन
_c2007
300 _a175
942 _2ddc
_cBK
999 _c31442
_d31442